00385nam a22001457a 450000500170000000800410001702200130005804100130007108200120008410000130009624500280010926000460013730000300018365000260021320240409141202.0240409b |||||||| |||| 00| 0 eng d a0258249X aEnglish  a349 IND lEnglish  aIndustrial Law Journal  aCape Town: bJuta and Company Ltd, c2010 bix, 249 pages ; c25 cm.  aLegal practice bLaw